Normal view
MARC view
- Little Red Riding Hood (Tale)
Entry Topical Term
001 - CONTROL NUMBER
- control field: 86903
003 - CONTROL NUMBER IDENTIFIER
- control field: OSt
005 - DATE AND TIME OF LATEST TRANSACTION
- control field: 20251118101903.0
008 - FIXED-LENGTH DATA ELEMENTS
- fixed length control field: 251118|| aca||aabn | a|a d
040 ## - CATALOGING SOURCE
- Original cataloging agency: OSt
- Transcribing agency: OSt
150 ## - HEADING--TOPICAL TERM
- Topical term or geographic name as entry element: Little Red Riding Hood (Tale)
670 ## - SOURCE DATA FOUND
- Source citation: Work cat.: (OSt)49782: Southgate, Vera, author. 24502, Little Red Riding Hood /, 1 Sept. 2013.